000 00653nam a2200217 i 4500
001 57913
003 ES-MaACL
005 20230906163659.0
007 t|
008 031020s1956 sp ||||1| spa d
100 1 _aDouglas, Lloyd C.
_945495
245 1 0 _aPerdónanos nuestras deudas /
_cLloyd C. Douglas ; [versión española de Ana-María de Foronda].
250 _a[1ª ed.].
260 _aBarcelona :
_bLuis de Caralt,
_c[1956] (
_fCasall i Vall)
300 _a351 p. ;
_c20 cm.
490 1 _aGigante
700 1 _aForonda, Ana-María de.
_951800
830 0 _aGigante
_9181050
852 _aES-MaACL
_jC-11863
_bR.39927
999 _c57913
_d57913